000 00779nam0a22002411 4500
001 rc\2563791
005 20250623105800.0
035 _a(NLR Aleph) 006728662
090 _a5520410
_c5520410
100 _a20110914d1927 |||y0rusy50 ca
101 0 _arus
102 _aRU
105 _ay z |||||
200 1 _aПотешное зверье
_eСтишки для малышей
_fРис. С. Гольдмана
210 _a[Одесса]
_cСветоч
_d1927
_g2-а держдрук. iм. Ленiна
215 _a[12] с. рис. в красках
_d14х17 см.
300 _aВ число 12 с. входит обл.
702 1 _aГольдман
_bС.
_4440
801 0 _aRU
_bNLR
_gpsbo
801 1 _aRU
_bELAR
_2rusmarc
852 _aNLR
_j61/1499
942 _cBOOK
980 _aNB